Pollo cojo / (Registro nro. 14962)
[ vista simple ]
| 000 -LEADER | |
|---|---|
| fixed length control field | 01009nam a2200301 i 4500 |
| 003 - CONTROL NUMBER IDENTIFIER | |
| control field | DO-SdBPMSU |
| 005 - DATE AND TIME OF LATEST TRANSACTION | |
| control field | 20250303075254.0 |
| 007 - PHYSICAL DESCRIPTION FIXED FIELD--GENERAL INFORMATION | |
| fixed length control field | ta |
| 008 - FIXED-LENGTH DATA ELEMENTS--GENERAL INFORMATION | |
| fixed length control field | 230713b2022 dr ac||| |||| 00| 0 spa d |
| 020 ## - INTERNATIONAL STANDARD BOOK NUMBER | |
| International Standard Book Number | 9789945930283 |
| 040 ## - CATALOGING SOURCE | |
| Original cataloging agency | DO-SdBPM |
| Language of cataloging | spa |
| Transcribing agency | BPMSU |
| Description conventions | rda |
| 082 #4 - DEWEY DECIMAL CLASSIFICATION NUMBER | |
| Classification number | RD863.5 |
| Item number | H565p 2022 |
| Edition number | 22 |
| 100 1# - MAIN ENTRY--PERSONAL NAME | |
| Personal name | Herrera, Niurca |
| Relator term | autora |
| 245 10 - TITLE STATEMENT | |
| Title | Pollo cojo / |
| Statement of responsibility, etc. | Niurca Herrera ; ilustración, Daniel O. Polanco Valerio |
| 264 #1 - PRODUCTION, PUBLICATION, DISTRIBUTION, MANUFACTURE, AND COPYRIGHT NOTICE | |
| Place of production, publication, distribution, manufacture | Santo Domingo : |
| Name of producer, publisher, distributor, manufacturer | El Gato Ediciones, |
| Date of production, publication, distribution, manufacture, or copyright notice | 2022. |
| 300 ## - PHYSICAL DESCRIPTION | |
| Extent | 29 páginas : |
| Other physical details | ilustraciones ; |
| Dimensions | 28 cm. |
| 336 ## - CONTENT TYPE | |
| Source | rdacontent |
| Content type term | texto |
| Content type code | txt |
| 337 ## - MEDIA TYPE | |
| Source | rdamedia |
| Media type term | sin mediación |
| Media type code | n |
| 338 ## - CARRIER TYPE | |
| Source | rdacarrier |
| Carrier type term | volumen |
| Carrier type code | nc |
| 590 ## - LOCAL NOTE (RLIN) | |
| Local note | Inventariado, 2025/VM |
| 650 #4 - SUBJECT ADDED ENTRY--TOPICAL TERM | |
| Topical term or geographic name as entry element | Cuentos infantiles dominicanos |
| 650 #4 - SUBJECT ADDED ENTRY--TOPICAL TERM | |
| Topical term or geographic name as entry element | Pollo |
| Form subdivision | Cuentos infantiles |
| 650 #4 - SUBJECT ADDED ENTRY--TOPICAL TERM | |
| Topical term or geographic name as entry element | Libros ilustrados para niños |
| 650 #4 - SUBJECT ADDED ENTRY--TOPICAL TERM | |
| Topical term or geographic name as entry element | Literatura infantil dominicana |
| 700 1# - ADDED ENTRY--PERSONAL NAME | |
| Personal name | Polanco Valerio, Daniel O., |
| Relator term | ilustración |
| 910 ## - USER-OPTION DATA (OCLC) | |
| User-option data | VMateo V. Control de calidad. BPMSU |
| 942 ## - ADDED ENTRY ELEMENTS (KOHA) | |
| Source of classification or shelving scheme | Dewey Decimal Classification |
| Koha item type | Libros |
No hay ítems disponibles.